Statystyki dla Wszystkie kraje miały zwycięzcę Ligi Mistrzów UEFA

Kliknij tutaj aby rozwiązać quiz!

Ogólne statystyki

  • Ten quiz został rozwiązany 58 razy
  • Średni wynik to 9 z 10

Statystyki odpowiedzi

IlośćKraj% Poprawnych
19Hiszpania
100%
7Niemcy
100%
12Włochy
98%
1Francja
96%
15Anglia
94%
4Portugalia
94%
6Holandia
93%
1Szkocja
80%
1Rumunia
67%
1Serbia (Jugosławia)
46%

Rozkład punktacji

Percentyl według liczby udzielonych odpowiedzi

Procent ludzi z każdym wynikiem

Twoja historia wyników

Nie rozwiązałeś tego quizu